000 01246cam a2200349 a 4500
001 16640064
005 20170105102847.0
008 101206s2010 ii abf b 001 0 eng d
010 _a 2010317552
020 _a9780670084357
020 _a0670084352
025 _aI-E-2010-317552; 63-09; 63-22
035 _a(OCoLC)ocn694139661
035 _a(OCoLC)694139661
037 _aLibrary of Congress -- New Delhi Overseas Office
040 _aDKAGE
_beng
_cDKAGE
_dDLC
042 _alccopycat
_alcode
043 _aa-pk---
050 0 0 _aDS392.A93
_bP87 2010
082 0 4 _a954.9138
_222
100 1 _aPuri, Luv.
245 1 0 _aAcross the LoC :
_binside Pakistan-administered Jammu and Kashmir /
_cLuv Puri.
246 3 _aAcross the line of control
260 _aNew Delhi :
_bPenguin, Viking,
_c2010.
300 _aix, 136 p., [3] p. of plates :
_bill., 1 map ;
_c21 cm.
504 _aIncludes bibliographical references and index.
651 0 _aAzad Kashmir (Pakistan)
_xPolitics and government
_y20th century.
651 0 _aAzad Kashmir (Pakistan)
_xPolitics and government
_y21st century.
906 _a7
_bcbc
_ccopycat
_d3
_encip
_f20
_gy-gencatlg
942 _2ddc
_cBK
999 _c14119
_d14119